Research methods in business studies (Record no. 5003)

MARC details
000 -CABECERA
campo de control de longitud fija 02340nam a2200373 i 4500
001 - NÚMERO DE CONTROL
campo de control 991025395454307026
003 - IDENTIFICADOR DEL NÚMERO DE CONTROL
campo de control UkOxU
005 - FECHA Y HORA DE LA ÚLTIMA TRANSACCIÓN
campo de control 20251003101241.0
006 - CÓDIGOS DE INFORMACIÓN DE LONGITUD FIJA--CARACTERÍSTICAS DEL MATERIAL ADICIONAL
campo de control de longitud fija m|||||o||d||||||||
007 - CAMPO FIJO DE DESCRIPCIÓN FÍSICA--INFORMACIÓN GENERAL
campo de control de longitud fija cr||||||||||||
008 - DATOS DE LONGITUD FIJA--INFORMACIÓN GENERAL
campo de control de longitud fija 190218s2020||||enk o ||1 0|eng|d
020 ## - NÚMERO INTERNACIONAL ESTÁNDAR DEL LIBRO
Número Internacional Estándar del Libro 9781108708241
035 ## - NÚMERO DE CONTROL DEL SISTEMA
Número de control de sistema (CKB)4100000010077165
035 ## - NÚMERO DE CONTROL DEL SISTEMA
Número de control de sistema (UkCbUP)CR9781108762427
035 ## - NÚMERO DE CONTROL DEL SISTEMA
Número de control de sistema (MiAaPQ)EBC31852324
035 ## - NÚMERO DE CONTROL DEL SISTEMA
Número de control de sistema (Au-PeEL)EBL31852324
035 ## - NÚMERO DE CONTROL DEL SISTEMA
Número de control de sistema (EXLCZ)994100000010077165
040 ## - FUENTE DE LA CATALOGACIÓN
Centro catalogador/agencia de origen UkCbUP
Lengua de catalogación eng
Normas de descripción rda
Centro/agencia transcriptor UkCbUP
041 ## - CÓDIGO DE LENGUA
Código de lengua del texto/banda sonora o título independiente eng
050 00 - SIGNATURA TOPOGRÁFICA DE LA BIBLIOTECA DEL CONGRESO
Número de clasificación HD30.4
Número de documento/Ítem .G49 2020
100 ## - ENTRADA PRINCIPAL--NOMBRE DE PERSONA
Nombre de persona Ghauri, Pervez N.
Fechas asociadas al nombre 1948-
Término indicativo de función/relación author
9 (RLIN) 21139
245 10 - MENCIÓN DE TÍTULO
Título Research methods in business studies
Mención de responsabilidad, etc. / Pervez Ghauri, Kjell Grn̜haug, Roger Strange.
250 ## - MENCIÓN DE EDICIÓN
Mención de edición Fifth edition.
260 ## - PUBLICACIÓN, DISTRIBUCIÓN, ETC.
Lugar de publicación, distribución, etc. Cambridge :
Nombre del editor, distribuidor, etc. Cambridge University Press,
Fecha de publicación, distribución, etc. 2020.
300 ## - DESCRIPCIÓN FÍSICA
Extensión xix, 327 pages :
Otras características físicas illustrations (some color) ;
Dimensiones 25 cm.
500 ## - NOTA GENERAL
Nota general Title from publisher's bibliographic system (viewed on 29 Jan 2020).
504 ## - NOTA DE BIBLIOGRAFÍA, ETC.
Nota de bibliografía, etc. Includes bibliographical references and index.
520 ## - SUMARIO, ETC.
Sumario, etc. This accessible guide provides clear, practical explanations of key research methods in business studies, presenting a step-by-step approach to data collection, analysis and problem solving. Readers will learn how to formulate a research question, choose an appropriate research method, argue and motivate, collect and analyse data, and present findings in a logical and convincing manner. The authors evaluate various qualitative and quantitative methods and their consequences, guiding readers to the most appropriate research design for particular questions. Furthermore, the authors provide instructions on how to write reports and dissertations in a clearly structured and concise style. Now in its fifth edition, this popular textbook includes new and dedicated chapters on data collection for qualitative research, qualitative data analysis, data collection for quantitative research, multiple regression, and additional methods of quantitative analysis. Cases and examples have been updated throughout, increasing the applicability of these research methods across various situations.
650 #0 - PUNTO DE ACCESO ADICIONAL DE MATERIA--TÉRMINO DE MATERIA
Término de materia o nombre geográfico como elemento de entrada Management
Subdivisión general Research
9 (RLIN) 4396
650 #0 - PUNTO DE ACCESO ADICIONAL DE MATERIA--TÉRMINO DE MATERIA
Término de materia o nombre geográfico como elemento de entrada Business
Subdivisión general Research
9 (RLIN) 4397
700 ## - ENTRADA AGREGADA--NOMBRE PERSONAL
Nombre de persona Grn̜haug, Kjell
Término indicativo de función/relación author
9 (RLIN) 25998
700 ## - ENTRADA AGREGADA--NOMBRE PERSONAL
Nombre de persona Strange, Roger
Término indicativo de función/relación author
9 (RLIN) 25999
942 ## - ELEMENTOS DE ENTRADA AGREGADA (KOHA)
Fuente del sistema de clasificación o colocación Clasificación de Library of Congress
Holdings
Estado de retiro Estado de pérdida Fuente del sistema de clasificación o colocación Estado dañado No para préstamo Biblioteca de origen Biblioteca actual Fecha de adquisición Total de préstamos Signatura topográfica completa Código de barras Fecha visto por última vez Número de copia Precio válido a partir de Tipo de ítem Koha
    Clasificación de Library of Congress     TBS Barcelona TBS Barcelona 03/10/2025   HD30.4 GHA B07649 03/10/2025 1 03/10/2025 Book

Powered by Koha